[Event "Championnat de France - Open C"]
[Site "Aix-les-Bains"]
[Date "????.??.??"]
[Round "1.1"]
[White "Pin, Thierry"]
[Black "Belhachemi, Loic"]
[Result "1/2-1/2"]
[WhiteElo "1630"]
[BlackElo "1800"]
[PlyCount "199"]

1. Nf3 d5 2. d4 Nf6 3. c4 e6 4. Bg5 Be7 5. Bxf6 Bxf6 6. Nc3 c5 7. e3 Nc6 8.
cxd5 cxd4 9. exd4 exd5 10. Bb5 Qe7+ 11. Qe2 Qxe2+ 12. Nxe2 O-O 13. O-O a6 14.
Bxc6 bxc6 15. Rac1 Re8 16. Nc3 Rb8 17. Na4 Rb4 18. b3 Bf5 19. Rxc6 Bd7 20. Rxa6
Bb5 21. Rxf6 gxf6 22. Rc1 Bxa4 23. bxa4 Rxa4 24. Rc2 Rea8 25. g4 Rxa2 26. Rc6
Kg7 27. Nh4 Rd2 28. Rd6 Raa2 29. Nf5+ Kg6 30. Rxd5 h6 31. Ne7+ Kh7 32. Rf5 Rxd4
33. h3 Rd7 34. Nd5 Rd6 35. Nxf6+ Kg6 36. Nh5 Rd1+ 37. Kg2 Rd7 38. Nf4+ Kh7 39.
Nh5 Rc7 40. Nf6+ Kg6 41. h4 Rb7 42. h5+ Kg7 43. Ne8+ Kf8 44. Nd6 Rd7 45. Ne4
Ra4 46. f3 Rdd4 47. Nc5 Rd2+ 48. Kg3 Ra1 49. Ne6+ Ke7 50. Nc5 Rg1+ 51. Kf4 Rc2
52. Re5+ Kf8 53. Nd7+ Kg7 54. Kf5 Rf1 55. Re3 Rd1 56. Nf6 Rc5+ 57. Re5 Rxe5+
58. Kxe5 Rd3 59. Ne8+ Kf8 60. Nd6 Rxf3 61. Nf5 Rf2 62. Nxh6 Kg7 63. Nf5+ Kg8
64. g5 Rg2 65. Kf6 Kf8 66. h6 Rh2 67. Nd6 Rf2+ 68. Nf5 Rh2 69. Ke5 Re2+ 70. Kf4
Rf2+ 71. Kg4 Rg2+ 72. Ng3 Rh2 73. Ne4 Rh1 74. Nf6 Rh2 75. Nh5 Kg8 76. Nf6+ Kf8
77. Kg3 Rh1 78. Nd7+ Kg8 79. Kg4 Rg1+ 80. Kf5 Rf1+ 81. Ke5 Re1+ 82. Kf6 Rf1+
83. Ke7 Re1+ 84. Kd8 Rd1 85. Ke8 Re1+ 86. Kd8 Rd1 87. Ke7 Re1+ 88. Kf6 Rf1+ 89.
Ke5 Re1+ 90. Kf4 Rf1+ 91. Ke3 Rg1 92. Nf6+ Kh8 93. Kf4 Rf1+ 94. Ke5 Rg1 95. Kf5
Rf1+ 96. Ke5 Re1+ 97. Ne4 Rf1 98. Nd6 Kg8 99. Ne4 Re1 100. Kf4 1/2-1/2

[Event "Championnat de France - Open C"]
[Site "Aix-les-Bains"]
[Date "????.??.??"]
[Round "1.2"]
[White "Eden, James"]
[Black "Puchault, Maurice"]
[Result "1-0"]
[WhiteElo "1793"]
[BlackElo "1630"]
[PlyCount "81"]

1. e4 e6 2. d4 d5 3. Nc3 dxe4 4. Nxe4 Nf6 5. Nxf6+ Qxf6 6. Nf3 Bd6 7. Bd3 Qd8
8. c3 Nd7 9. O-O b6 10. Be4 Rb8 11. Qa4 Bb7 12. Bxb7 Rxb7 13. Qc6 Rb8 14. Ne5
f6 15. Nxd7 Qxd7 16. Qe4 O-O 17. Re1 Rbe8 18. Re3 f5 19. Qh4 Be7 20. Qh5 g6 21.
Qh6 Bf6 22. Rg3 Rf7 23. Bg5 Bg7 24. Qh4 e5 25. Bh6 exd4 26. Bxg7 Rxg7 27. Rd3
Re4 28. Qg3 Rge7 29. f3 Re2 30. Rxd4 Qe8 31. h4 Rxb2 32. Rad1 Kg7 33. a4 Rc2
34. Rc4 c6 35. Qg5 a6 36. Rxc6 Re1+ 37. Rxe1 Qxe1+ 38. Kh2 Qe5+ 39. f4 Qb8 40.
Qe7+ Kh6 41. Rc7 1-0

[Event "Championnat de France - Open C"]
[Site "Aix-les-Bains"]
[Date "????.??.??"]
[Round "1.3"]
[White "Verwee, Johann"]
[Black "Gharagyozyan, Gor"]
[Result "0-1"]
[WhiteElo "1630"]
[BlackElo "1790"]
[PlyCount "68"]

1. e4 c5 2. Nf3 e6 3. d4 cxd4 4. Nxd4 Nc6 5. Nb5 d6 6. Nd2 a6 7. Nc3 Nf6 8. f4
Be7 9. Nf3 Qc7 10. h3 b5 11. Be3 Bb7 12. Bd3 Rd8 13. Qd2 Nb4 14. a3 Nxd3+ 15.
cxd3 e5 16. Rc1 Qb8 17. Qf2 Rc8 18. Ke2 exf4 19. Bxf4 Nh5 20. Bh2 Qa8 21. g4
Nf6 22. g5 Nd7 23. Qd4 O-O 24. h4 Nc5 25. Nd2 Ne6 26. Qe3 d5 27. exd5 Bc5 28.
Qg3 Nd4+ 29. Kd1 Bxd5 30. Nxd5 Qxd5 31. Qe5 Qxh1+ 32. Qe1 Qxh2 33. Nf1 Qxb2 34.
Qc3 Qe2# 0-1

[Event "Championnat de France - Open C"]
[Site "Aix-les-Bains"]
[Date "????.??.??"]
[Round "1.4"]
[White "Guilchard, Benjamin"]
[Black "Saucey, Capucine"]
[Result "1-0"]
[WhiteElo "1790"]
[BlackElo "1629"]
[PlyCount "54"]

1. e4 e5 2. Nf3 Nc6 3. Bb5 a6 4. Ba4 Nf6 5. O-O Be7 6. Re1 b5 7. Bb3 O-O 8. h3
d6 9. c3 Bb7 10. d4 exd4 11. cxd4 d5 12. e5 Ne4 13. Nbd2 Bb4 14. Nxe4 Bxe1 15.
Nc5 Bxf2+ 16. Kxf2 Bc8 17. Bg5 f6 18. exf6 gxf6 19. Bh6 Re8 20. Qd3 Re7 21. Nh4
Kh8 22. Nf5 Nb4 23. Qf3 Bxf5 24. Qxf5 Qd6 25. Bf4 Qb6 26. a3 Nc6 27. Qxf6+ Kg8
1-0

[Event "Championnat de France - Open C"]
[Site "Aix-les-Bains"]
[Date "????.??.??"]
[Round "1.5"]
[White "Cidolit, Nathaniel"]
[Black "Jullien, Patrick"]
[Result "1/2-1/2"]
[WhiteElo "1620"]
[BlackElo "1786"]
[PlyCount "45"]

1. c4 Nf6 2. Nc3 e6 3. g3 d5 4. cxd5 exd5 5. Bg2 Be7 6. Nf3 O-O 7. d4 c6 8. O-O
Bg4 9. Qb3 Qb6 10. Ne5 Qxb3 11. axb3 Bf5 12. Na4 Nbd7 13. Bg5 Rfe8 14. Nxd7
Nxd7 15. Bxe7 Rxe7 16. Rfe1 Rae8 17. e3 a6 18. b4 Nf6 19. Rac1 Ne4 20. Nc5 Nd6
21. h3 Nc4 22. b3 Nd6 23. b5 1/2-1/2

[Event "Championnat de France - Open C"]
[Site "Aix-les-Bains"]
[Date "????.??.??"]
[Round "1.7"]
[White "Descamps, Jacky"]
[Black "Perradin, Vincent"]
[Result "0-1"]
[WhiteElo "1620"]
[BlackElo "1780"]
[PlyCount "106"]

1. e4 e5 2. Nf3 Nc6 3. Bb5 a6 4. Ba4 Nf6 5. O-O d6 6. Re1 b5 7. Bb3 Na5 8. c3
Nxb3 9. axb3 Be7 10. Na3 Bb7 11. d3 O-O 12. Nc2 Nd7 13. Ne3 Re8 14. c4 c6 15.
Nf5 Bf8 16. N3h4 g6 17. Qg4 Nf6 18. Qg5 Kh8 19. Nh6 Qe7 20. Re3 Bxh6 21. Nxg6+
fxg6 22. Qxh6 Ng4 23. Qh3 Nxe3 24. Bxe3 bxc4 25. bxc4 Qe6 26. Qg3 Bc8 27. f3
Bd7 28. Bd2 c5 29. Bc3 Kg8 30. h4 Qf7 31. h5 Qf4 32. Qxf4 exf4 33. h6 Kf7 34.
Kf2 g5 35. g4 Kg6 36. Rh1 a5 37. Ke2 a4 38. Kd2 a3 39. b4 cxb4 40. Bxb4 a2 41.
Bc3 Reb8 42. Kc2 Ba4+ 43. Kd2 Rb1 44. Rc1 Bb3 45. e5 dxe5 46. Bxe5 Rxc1 47.
Kxc1 a1=Q+ 48. Bxa1 Rxa1+ 49. Kb2 Bxc4 50. dxc4 Rf1 51. Kc3 Rxf3+ 52. Kd4 Rf1
53. c5 Rc1 0-1

[Event "Championnat de France - Open C"]
[Site "Aix-les-Bains"]
[Date "????.??.??"]
[Round "1.8"]
[White "Tramesel, Jacky"]
[Black "Imperiale, Michel"]
[Result "0-1"]
[WhiteElo "1780"]
[BlackElo "1620"]
[PlyCount "105"]

1. e4 e6 2. d4 d5 3. exd5 exd5 4. Nc3 Nf6 5. Bg5 Be7 6. Qf3 c6 7. h3 O-O 8. g4
Ne4 9. Bxe7 Qxe7 10. O-O-O Qg5+ 11. Kb1 Nd2+ 12. Rxd2 Qxd2 13. Nge2 Re8 14. Bg2
Qg5 15. Qg3 Na6 16. f4 Qe7 17. Rf1 Qe3 18. Rf3 Qe7 19. Bf1 Nc7 20. f5 f6 21.
Kc1 b6 22. Kd2 Ba6 23. h4 Bxe2 24. Bxe2 Nb5 25. Bxb5 cxb5 26. g5 Kh8 27. Nxd5
Qe2+ 28. Kc1 Rad8 29. Nf4 Qe1+ 30. Qxe1 Rxe1+ 31. Kd2 Re4 32. c3 Rd7 33. gxf6
gxf6 34. h5 Kg7 35. Kd3 Re1 36. Rf2 Rg1 37. Ke3 Re7+ 38. Kf3 Kh6 39. a3 Rg5 40.
b3 Rxf5 41. Rd2 Re1 42. Kg4 Rg5+ 43. Kf3 Rf1+ 44. Ke3 Rg3+ 45. Ke4 Rg4 46. Kf5
Rfxf4+ 47. Ke6 Rg8 48. d5 Re4+ 49. Kd7 Ree8 50. Kc6 Rc8+ 51. Kd7 f5 52. Rf2
Rxc3 53. Rxf5 0-1

[Event "Championnat de France - Open C"]
[Site "Aix-les-Bains"]
[Date "????.??.??"]
[Round "1.9"]
[White "Pittiani, Pascale"]
[Black "Conchon, Jean-Paul"]
[Result "0-1"]
[WhiteElo "1620"]
[BlackElo "1776"]
[PlyCount "87"]

1. e4 e5 2. Nf3 Nc6 3. Bc4 Nf6 4. d3 d6 5. c3 Bd7 6. a3 h6 7. O-O Be7 8. Re1
O-O 9. Nbd2 Be6 10. Ba2 Qd7 11. Nf1 Rad8 12. Ng3 d5 13. Bb1 dxe4 14. Nxe4 Nxe4
15. Rxe4 Bd6 16. Qc2 f5 17. Re1 Qf7 18. d4 e4 19. Nd2 Qh5 20. Nf1 Qf7 21. Ne3
Ne7 22. Nf1 Bb3 23. Qxb3 Qxb3 24. Ba2 Qxa2 25. Rxa2 Nd5 26. Ne3 Nxe3 27. Bxe3
a6 28. b4 b5 29. a4 c6 30. a5 Rde8 31. Bc1 Kf7 32. Rae2 Re7 33. Re3 Rfe8 34. g3
Ke6 35. f3 Kd5 36. f4 Re6 37. Kg2 Rg6 38. h3 Bxf4 39. Rf1 Bxe3 40. Rxf5+ Kc4
41. Rc5+ Kd3 42. Bxe3 Kxe3 43. d5 cxd5 44. Rxd5 0-1

[Event "Championnat de France - Open C"]
[Site "Aix-les-Bains"]
[Date "????.??.??"]
[Round "2.1"]
[White "Chazeau, Laineur-Lothaire"]
[Black "Eden, James"]
[Result "1-0"]
[WhiteElo "1660"]
[BlackElo "1793"]
[PlyCount "95"]

1. d4 d5 2. Bf4 Nf6 3. Nf3 g6 4. Nc3 Bg7 5. Qd2 Bf5 6. Bh6 O-O 7. Bxg7 Kxg7 8.
e3 Ne4 9. Nxe4 Bxe4 10. Ng1 Nc6 11. f3 Bf5 12. g4 Bd7 13. h4 f5 14. g5 f4 15.
exf4 Bf5 16. c3 Qd6 17. Bh3 Bxh3 18. Nxh3 Nd8 19. Qe3 Rf5 20. O-O-O Ne6 21.
Rde1 Kf7 22. Kc2 Re8 23. h5 Nxf4 24. Nxf4 Rxf4 25. hxg6+ Qxg6+ 26. Kd2 Rf5 27.
f4 Kg7 28. Rh6 Qf7 29. Reh1 Rh8 30. g6 Qf6 31. Rxh7+ Rxh7 32. Rxh7+ Kxg6 33.
Qxe7 Rxf4 34. Qxf6+ Rxf6 35. Rxc7 Rf2+ 36. Kc1 Rf7 37. Rxf7 Kxf7 38. Kd2 Kf6
39. Kd3 Ke6 40. c4 Kd6 41. c5+ Ke6 42. b4 Kd7 43. b5 b6 44. c6+ Kd6 45. a4 Ke6
46. Ke3 Kd6 47. Kf4 a6 48. Kf5 1-0

[Event "Championnat de France - Open C"]
[Site "Aix-les-Bains"]
[Date "????.??.??"]
[Round "2.2"]
[White "Gharagyozyan, Gor"]
[Black "Van Eeckhout, Guy"]
[Result "1-0"]
[WhiteElo "1790"]
[BlackElo "1660"]
[PlyCount "82"]

1. d4 Nf6 2. c4 c5 3. Nf3 cxd4 4. Nxd4 g6 5. Nc3 Bg7 6. g3 O-O 7. Bg2 Nc6 8. e3
a6 9. O-O Qc7 10. Rb1 Nxd4 11. Qxd4 Rb8 12. Qd3 e6 13. e4 d6 14. b4 b5 15. cxb5
Nd7 16. Rb3 Ne5 17. Qe2 Nc4 18. a4 a5 19. b6 Rxb6 20. Nb5 Qc6 21. e5 d5 22.
bxa5 Nxa5 23. Rc3 Nc4 24. Ba3 Rd8 25. Rfc1 Qd7 26. Bd6 Ba6 27. Bc7 Rc8 28. Bxb6
Nxb6 29. Rxc8+ Nxc8 30. Qb2 Qb7 31. Bf1 Qb8 32. f4 Qb6+ 33. Qf2 Qa5 34. Qb2
Qb6+ 35. Qd4 Qb7 36. Rc7 Qb8 37. Qc5 Bf8 38. Qc6 Nb6 39. Nd6 Nxa4 40. Bxa6 Qb1+
41. Bf1 Qa1 1-0

[Event "Championnat de France - Open C"]
[Site "Aix-les-Bains"]
[Date "????.??.??"]
[Round "2.3"]
[White "Houdeyer, Hendricks"]
[Black "Guilchard, Benjamin"]
[Result "1-0"]
[WhiteElo "1660"]
[BlackElo "1790"]
[PlyCount "85"]

1. e4 c5 2. d4 cxd4 3. c3 dxc3 4. Nxc3 d6 5. Nf3 e6 6. Bc4 Be7 7. O-O Nf6 8.
Qe2 O-O 9. Rd1 Nbd7 10. e5 dxe5 11. Nxe5 a6 12. Be3 Qc7 13. Nxf7 Rxf7 14. Bxe6
Nc5 15. Bxf7+ Kxf7 16. Rac1 Qe5 17. Bxc5 Qxc5 18. Nd5 Bg4 19. Qe5 Qd6 20. Qxd6
Bxd6 21. f3 Nxd5 22. Rxd5 Bf4 23. Rc4 Be3+ 24. Kh1 Be6 25. Rc7+ Kf6 26. Rd3 Bf4
27. Rxb7 Bxa2 28. g3 Bh6 29. b3 Bb1 30. Rdd7 Bf5 31. Rb6+ Ke5 32. Re7+ Kd4 33.
g4 Bb1 34. h4 Bf4 35. Rb4+ Kc3 36. Rxf4 Bc2 37. b4 Ba4 38. Rxg7 Rb8 39. Rxh7
Rxb4 40. Rxb4 Kxb4 41. h5 Bc2 42. Rb7+ Kc3 43. Rc7+ 1-0

[Event "Championnat de France - Open C"]
[Site "Aix-les-Bains"]
[Date "????.??.??"]
[Round "2.4"]
[White "Perradin, Vincent"]
[Black "Oges, Helene"]
[Result "1/2-1/2"]
[WhiteElo "1780"]
[BlackElo "1650"]
[PlyCount "89"]

1. e4 e5 2. Nf3 Nc6 3. Bb5 Nge7 4. O-O g6 5. c3 Bg7 6. d4 exd4 7. Nxd4 Nxd4 8.
cxd4 c6 9. Ba4 O-O 10. Be3 d5 11. e5 f6 12. f4 Qb6 13. Qd2 fxe5 14. dxe5 Qa6
15. Nc3 b5 16. Bb3 Be6 17. Ne4 Qc8 18. Ng5 Kh8 19. Bc5 Qd7 20. Qe1 h6 21. Nxe6
Qxe6 22. Bc2 Rf7 23. Qb4 Nf5 24. Rf2 a5 25. Qa3 Rd7 26. Qh3 Rf7 27. Re1 Re8 28.
Rf3 h5 29. Rd1 Nh6 30. Rdf1 Ng4 31. Rg3 Bxe5 32. fxe5 Rxf1+ 33. Kxf1 Qxe5 34.
Bd4 Rf8+ 35. Rf3 Rxf3+ 36. gxf3 Ne3+ 37. Bxe3 Qxe3 38. Qc8+ Kg7 39. Qd7+ Kh6
40. Qxc6 Qxf3+ 41. Kg1 Qe3+ 42. Kg2 Qe2+ 43. Kg3 Qe3+ 44. Kg2 Qe2+ 45. Kg1
1/2-1/2

[Event "Championnat de France - Open C"]
[Site "Aix-les-Bains"]
[Date "????.??.??"]
[Round "2.5"]
[White "Conchon, Jean-Paul"]
[Black "Venard, Mathieu"]
[Result "1-0"]
[WhiteElo "1776"]
[BlackElo "1650"]
[PlyCount "121"]

1. e4 Nf6 2. e5 Nd5 3. d4 d6 4. c4 Nb6 5. exd6 exd6 6. Nf3 Be7 7. Be3 O-O 8.
Bd3 Nc6 9. a3 a5 10. Qc2 g6 11. Nbd2 Bg4 12. h3 Bxf3 13. Nxf3 Bf6 14. Rd1 Re8
15. Kf1 Qe7 16. h4 Qf8 17. h5 Ne7 18. hxg6 fxg6 19. Bh6 Bg7 20. Bxg7 Qxg7 21.
Ng5 Nc6 22. Nxh7 Nxd4 23. Qb1 Qf7 24. b3 Nf5 25. Qa1 Ng3+ 26. Kg1 Nxh1 27. Nf6+
Kf8 28. Nxe8 Kxe8 29. Qh8+ Kd7 30. Qxh1 Qg7 31. Qh3+ Kd8 32. Qe6 Nd7 33. Bxg6
Nf6 34. Bf7 Qh8 35. Re1 Ra6 36. Qe7+ Kc8 37. Be6+ Kb8 38. Bh3 d5 39. cxd5 Nxd5
40. Qe8+ Qxe8 41. Rxe8+ Ka7 42. Re6 c5 43. Rxa6+ Kxa6 44. Be6 Nf4 45. Bf7 b5
46. g3 Ne2+ 47. Kf1 Nc1 48. g4 Nd3 49. g5 Nf4 50. g6 Nh5 51. Ke2 Kb6 52. Ke3
Kc6 53. f4 Kd6 54. Ke4 Ke7 55. Ke5 Nf6 56. Be6 a4 57. bxa4 bxa4 58. Bc4 Nd7+
59. Kd5 Kf6 60. Bd3 Ke7 61. f5 1-0

[Event "Championnat de France - Open C"]
[Site "Aix-les-Bains"]
[Date "????.??.??"]
[Round "2.6"]
[White "Tardi, Oscar"]
[Black "Benmesbah, Sarah"]
[Result "1/2-1/2"]
[WhiteElo "1650"]
[BlackElo "1774"]
[PlyCount "59"]

1. e4 d5 2. exd5 Qxd5 3. Nc3 Qa5 4. d4 Nf6 5. Bd2 c6 6. Nf3 Qc7 7. h3 Bf5 8.
Bc4 Nbd7 9. O-O e6 10. Bb3 Be7 11. Re1 O-O-O 12. Bg5 h6 13. Bh4 Bd6 14. Re3 g5
15. Bg3 Bxg3 16. fxg3 Qxg3 17. Qe1 Qxe1+ 18. Raxe1 Rhg8 19. g4 Bh7 20. Ne5 Nxe5
21. dxe5 Nd5 22. Nxd5 cxd5 23. R1e2 Kb8 24. Rf3 Bg6 25. Rd2 Rc8 26. c3 h5 27.
Bc2 hxg4 28. hxg4 Rc4 29. Bxg6 Rxg6 30. Rd4 1/2-1/2

[Event "Championnat de France - Open C"]
[Site "Aix-les-Bains"]
[Date "????.??.??"]
[Round "2.7"]
[White "Rost, Pierre"]
[Black "Sahlmann, Jean"]
[Result "1-0"]
[WhiteElo "1772"]
[BlackElo "1640"]
[PlyCount "77"]

1. e4 c5 2. d4 cxd4 3. c3 d6 4. cxd4 Nf6 5. Nc3 g6 6. Bg5 Bg7 7. Nf3 O-O 8. Be2
Nbd7 9. O-O Re8 10. Rc1 h6 11. Be3 a6 12. e5 dxe5 13. dxe5 Ng4 14. Bf4 Ngxe5
15. Nd5 Rf8 16. Qd2 Kh7 17. Rfd1 Nc6 18. Nc7 Ra7 19. Be3 Qxc7 20. Bxa7 b6 21.
Qd5 Nc5 22. Bxb6 Qxb6 23. Qxc5 Qxc5 24. Rxc5 Bb7 25. Rd7 Ba8 26. b3 e5 27. Nd2
a5 28. Bf3 Nd4 29. Bxa8 Rxa8 30. Rxf7 Re8 31. Kf1 e4 32. Rcc7 Nf5 33. g4 e3 34.
fxe3 Nxe3+ 35. Kg1 Rg8 36. h3 h5 37. Ne4 hxg4 38. Nf6+ Kh8 39. Nxg8 1-0

[Event "Championnat de France - Open C"]
[Site "Aix-les-Bains"]
[Date "????.??.??"]
[Round "2.8"]
[White "Bastion, Gilles"]
[Black "Pouchon, Joffrey"]
[Result "0-1"]
[WhiteElo "1643"]
[BlackElo "1770"]
[PlyCount "116"]

1. e4 d6 2. Nf3 Nf6 3. Nc3 g6 4. Bc4 Bg7 5. O-O O-O 6. Ng5 h6 7. Nh3 e5 8. d3
c6 9. Qf3 Kh7 10. Kh1 Be6 11. Rg1 Qd7 12. Bxe6 fxe6 13. Qg3 Qf7 14. Qh4 Nh5 15.
g4 Bf6 16. g5 Be7 17. Be3 Qf3+ 18. Rg2 Nd7 19. Qg4 Qxg4 20. Rxg4 Rf3 21. Kg2
Raf8 22. gxh6 d5 23. exd5 exd5 24. d4 R3f5 25. Ne2 Ndf6 26. Rg5 Ng8 27. Rxf5
Rxf5 28. Ng3 Nxg3 29. hxg3 exd4 30. Bxd4 c5 31. g4 Rf7 32. Be3 Nxh6 33. Rh1 Kg7
34. f3 Ng8 35. Ng5 Bxg5 36. Bxg5 Ne7 37. Kg3 Nc6 38. c3 d4 39. cxd4 Nxd4 40.
Bh6+ Kf6 41. Bf4 Ne2+ 42. Kf2 Nxf4 43. Rd1 Re7 44. Rd6+ Ke5 45. Rd1 c4 46. Re1+
Kd6 47. Rd1+ Kc5 48. Rd8 Nd3+ 49. Kg3 Nxb2 50. f4 Nd3 51. f5 gxf5 52. gxf5 Rf7
53. Kg4 c3 54. Kg5 Kc4 55. Kg6 Rxf5 56. Kxf5 c2 57. Rc8+ Nc5 58. Rxc5+ Kxc5 0-1

[Event "Championnat de France - Open C"]
[Site "Aix-les-Bains"]
[Date "????.??.??"]
[Round "2.9"]
[White "Pugin, Jean-Louis"]
[Black "Bugnet, Jean-Francois"]
[Result "0-1"]
[WhiteElo "1770"]
[BlackElo "1630"]
[PlyCount "45"]

1. e4 e5 2. Nf3 Nc6 3. Bb5 d6 4. d4 Bd7 5. O-O Nf6 6. Bg5 Be7 7. Bxf6 Bxf6 8.
d5 Nb8 9. Bxd7+ Qxd7 10. c4 O-O 11. Nc3 c6 12. a3 Na6 13. b4 Nc7 14. Qa4 Rfd8
15. dxc6 bxc6 16. Rad1 Qe8 17. Rd2 Ne6 18. Rfd1 Nd4 19. Nxd4 exd4 20. Ne2 Qxe4
21. Nxd4 c5 22. Nc6 Re8 23. b5 0-1

[Event "Championnat de France - Open C"]
[Site "Aix-les-Bains"]
[Date "????.??.??"]
[Round "2.10"]
[White "Pouliquen, Stephane"]
[Black "Hadamard, Olivier"]
[Result "0-1"]
[WhiteElo "1640"]
[BlackElo "1769"]
[PlyCount "74"]

1. d4 Nf6 2. Nf3 d5 3. e3 Bf5 4. Bd3 Bxd3 5. cxd3 e6 6. Nc3 Be7 7. O-O O-O 8.
e4 dxe4 9. dxe4 c6 10. Qc2 Na6 11. a3 c5 12. Rd1 cxd4 13. Rxd4 Qc7 14. e5 Nd5
15. Rg4 Rfd8 16. Bh6 g6 17. Rb1 Nxc3 18. bxc3 Bxa3 19. Bg5 Be7 20. Bf6 Rd5 21.
h4 Bxf6 22. exf6 b6 23. Qc1 Qd8 24. Qh6 Qxf6 25. Qe3 Qf5 26. Rc1 Qxg4 27. Qh6
Qh5 28. Qf4 Rad8 29. g4 e5 30. Qc4 Qh6 31. Re1 Qf4 32. Nxe5 Qxc4 33. Nxc4 Rd1
34. Kf1 Rxe1+ 35. Kxe1 Rd3 36. Ke2 Rxc3 37. Nd6 Rh3 0-1

[Event "Championnat de France - Open C"]
[Site "Aix-les-Bains"]
[Date "????.??.??"]
[Round "3.1"]
[White "Gelin, Baptiste"]
[Black "Gharagyozyan, Gor"]
[Result "1/2-1/2"]
[WhiteElo "1705"]
[BlackElo "1790"]
[PlyCount "124"]

1. e4 c5 2. Nf3 e6 3. d4 cxd4 4. Nxd4 Nc6 5. Nc3 Bb4 6. Be3 a6 7. Qd2 Nf6 8. f3
O-O 9. O-O-O Ne5 10. g4 Qa5 11. g5 Nh5 12. Be2 Bxc3 13. Qxc3 Qxc3 14. bxc3 Ng6
15. Rd2 Nhf4 16. Bc4 b5 17. Bb3 Bb7 18. h4 Nh5 19. Ne2 Rfd8 20. Bb6 Rdc8 21.
Rxd7 Bc6 22. Rd2 Ne5 23. Rf1 Nc4 24. Bxc4 bxc4 25. Nd4 e5 26. Nf5 Re8 27. Nd6
Re6 28. Rfd1 Bb5 29. Nxb5 axb5 30. Rd8+ Re8 31. Rxe8+ Rxe8 32. Rd5 f6 33. Rxb5
Kf7 34. a4 Nf4 35. a5 Kg6 36. a6 Kh5 37. a7 Ne6 38. Bf2 Ra8 39. Rb8 Nc7 40. Bb6
Kxh4 41. Bxc7 Rxa7 42. Bb6 Rd7 43. gxf6 gxf6 44. Rc8 h5 45. Rxc4 Kg3 46. Rc8 h4
47. Rh8 h3 48. Bg1 Kg2 49. c4 Rg7 50. c5 Ra7 51. Kb2 Kxg1 52. Rxh3 Kg2 53. Rh6
Kxf3 54. Rxf6+ Kxe4 55. Kb3 Kd5 56. Kb4 e4 57. Kb5 e3 58. Rf1 Rb7+ 59. Ka6 Rc7
60. Re1 Kd4 61. Kb6 Rxc5 62. Rxe3 Rxc2 1/2-1/2

[Event "Championnat de France - Open C"]
[Site "Aix-les-Bains"]
[Date "????.??.??"]
[Round "3.2"]
[White "Poche, Denis"]
[Black "Conchon, Jean-Paul"]
[Result "1/2-1/2"]
[WhiteElo "1690"]
[BlackElo "1776"]
[PlyCount "51"]

1. e4 e5 2. Nf3 Nc6 3. Bb5 a6 4. Ba4 Nf6 5. O-O Be7 6. c3 b5 7. Bc2 d6 8. h3
O-O 9. d4 Bb7 10. Bg5 Nd7 11. Be3 Na5 12. Nbd2 Rc8 13. b4 Nc6 14. a4 exd4 15.
Nxd4 Nxd4 16. cxd4 c5 17. bxc5 dxc5 18. axb5 axb5 19. dxc5 Nxc5 20. Qb1 Bc6 21.
Rd1 Qc7 22. Nf3 Na4 23. Qb3 Nc5 24. Qb1 Na4 25. Qb3 Nc5 26. Qb1 1/2-1/2

[Event "Championnat de France - Open C"]
[Site "Aix-les-Bains"]
[Date "????.??.??"]
[Round "3.3"]
[White "Rigolot, Lucie"]
[Black "Rost, Pierre"]
[Result "1/2-1/2"]
[WhiteElo "1677"]
[BlackElo "1772"]
[PlyCount "62"]

1. e4 c5 2. Nf3 e6 3. d4 cxd4 4. Nxd4 Nc6 5. Nc3 Qc7 6. Be3 a6 7. Be2 Nf6 8. a3
Be7 9. O-O O-O 10. Qd2 Rd8 11. f4 d6 12. Bf3 Bd7 13. Qf2 Rdc8 14. Nde2 b5 15.
f5 Ne5 16. Bd4 Nxf3+ 17. Qxf3 e5 18. Be3 Bc6 19. Ng3 Rd8 20. Rad1 Qb7 21. Rfe1
d5 22. exd5 Nxd5 23. Nxd5 Bxd5 24. Qf2 Bh4 25. Re2 Qc6 26. Red2 Rd7 27. Qe1
Rad8 28. Bf2 Bg5 29. Be3 Bh4 30. Bf2 Bg5 31. Be3 Bh4 1/2-1/2

[Event "Championnat de France - Open C"]
[Site "Aix-les-Bains"]
[Date "????.??.??"]
[Round "3.4"]
[White "Pouchon, Joffrey"]
[Black "Salgues, Michel"]
[Result "1-0"]
[WhiteElo "1770"]
[BlackElo "1711"]
[PlyCount "137"]

1. d4 Nf6 2. Nf3 d5 3. Bf4 g6 4. e3 Bg7 5. Bd3 c5 6. c3 c4 7. Bc2 Nc6 8. Nbd2
Nh5 9. Bg3 Nxg3 10. hxg3 Bg4 11. b3 b5 12. bxc4 dxc4 13. Be4 Rc8 14. a4 b4 15.
cxb4 c3 16. Nb3 Nxb4 17. O-O O-O 18. Rc1 e5 19. dxe5 Bxf3 20. gxf3 Bxe5 21. f4
Bg7 22. Qe2 Qe7 23. Bc2 h5 24. Kg2 Nxc2 25. Qxc2 h4 26. Rh1 hxg3 27. Kxg3 f5
28. Qa2 Rf7 29. Nd4 Bxd4 30. exd4 g5 31. Qd5 Qc7 32. Qe5 gxf4+ 33. Kxf4 Qxe5+
34. Kxe5 Re8+ 35. Kd5 Rd8+ 36. Kc4 Rfd7 37. Rcg1+ Kf7 38. Rh7+ Kf6 39. Rxd7
Rxd7 40. Kxc3 f4 41. Re1 Rd5 42. Re4 Kf5 43. f3 Ra5 44. Kb4 Rd5 45. a5 Rd7 46.
Re5+ Kf6 47. Kc5 Rc7+ 48. Kd5 Rc3 49. Ke4 Rc4 50. Rf5+ Ke6 51. Rxf4 Ra4 52. Rf5
Ra1 53. Re5+ Kf6 54. f4 Re1+ 55. Kd5 Rf1 56. f5 Ra1 57. Kc6 Rd1 58. Rd5 Rb1 59.
Rb5 Rd1 60. d5 Kxf5 61. Rb7 a6 62. d6 Ke6 63. Re7+ Kf6 64. Re3 Rc1+ 65. Kb6 Rd1
66. Kc7 Rc1+ 67. Kd8 Ra1 68. d7 Rxa5 69. Ke8 1-0

[Event "Championnat de France - Open C"]
[Site "Aix-les-Bains"]
[Date "????.??.??"]
[Round "3.5"]
[White "Hadamard, Olivier"]
[Black "Dimart, Denis"]
[Result "1/2-1/2"]
[WhiteElo "1769"]
[BlackElo "1686"]
[PlyCount "166"]

1. d4 d5 2. c4 c6 3. Nf3 Nf6 4. e3 Nbd7 5. Nc3 e6 6. Bd3 Bd6 7. O-O O-O 8. c5
Bc7 9. b4 e5 10. dxe5 Nxe5 11. Nxe5 Bxe5 12. Qc2 Re8 13. f4 Bxc3 14. Qxc3 Ne4
15. Qd4 Qh4 16. Bb2 f6 17. Bxe4 Rxe4 18. Qd2 Bd7 19. Bd4 Rae8 20. Rf3 a6 21. h3
Kf8 22. a4 h6 23. Qc3 Ke7 24. Qa3 Kf7 25. Qb3 Kf8 26. Qa3 R8e7 27. Kh2 Qh5 28.
Qc3 Qf7 29. Raf1 Ke8 30. f5 Kd8 31. g4 Re8 32. b5 cxb5 33. Qa5+ Kc8 34. Qb6
bxa4 35. Rb1 Bc6 36. Qa7 Qc7+ 37. Kg2 Kd7 38. Ra1 Bb5 39. Rb1 Bc6 40. Rb2 Rc8
41. Qb6 Qxb6 42. Rxb6 Kc7 43. Rf2 Rce8 44. Kf3 R4e7 45. Ra2 Rh8 46. h4 Ra8 47.
Rb1 Rae8 48. Rg1 Kc8 49. Ra3 Re4 50. Kf2 Kd7 51. Rg3 Bb5 52. Rg1 R8e7 53. Kg3
Be2 54. Kh3 Bb5 55. g5 hxg5 56. hxg5 fxg5 57. Rxg5 Rf7 58. Rxg7 Rxg7 59. Bxg7
Be2 60. f6 Ke6 61. Rc3 Rc4 62. Ra3 Kf7 63. Ra2 Bg4+ 64. Kg3 Bd7 65. Kf3 Bc6 66.
Ke2 Rxc5 67. Kd3 Rc4 68. Rh2 Bb5 69. Kd2 Rg4 70. Rh7 Rxg7 71. Rxg7+ Kxf6 72.
Rxb7 Ke6 73. Kc3 Kd6 74. Kd4 a3 75. Rb6+ Kc7 76. Rg6 a2 77. Rg1 Kd6 78. e4 dxe4
79. Ra1 Bd3 80. Rxa2 Kc6 81. Ra5 Kb6 82. Re5 a5 83. Kc3 Bb1 1/2-1/2

[Event "Championnat de France - Open C"]
[Site "Aix-les-Bains"]
[Date "????.??.??"]
[Round "3.6"]
[White "Scherrer, Gilles"]
[Black "Fourcart, Marc"]
[Result "1-0"]
[WhiteElo "1670"]
[BlackElo "1759"]
[PlyCount "55"]

1. c4 d5 2. cxd5 Qxd5 3. Nc3 Qa5 4. g3 c6 5. Bg2 Nf6 6. e3 Bf5 7. Nge2 h6 8. d4
e6 9. a3 Nbd7 10. Bd2 Qc7 11. Rc1 Bd3 12. b4 a6 13. O-O Be7 14. Re1 O-O 15. d5
Bxe2 16. Qxe2 exd5 17. Nxd5 Nxd5 18. Bxd5 Bf6 19. Rc2 Rfd8 20. Bg2 Qd6 21. Bc3
Bxc3 22. Rxc3 Nf6 23. Rec1 Qd2 24. Qxd2 Rxd2 25. Bf3 a5 26. bxa5 Rxa5 27. Rf1
Rxa3 28. Rxa3 1-0

[Event "Championnat de France - Open C"]
[Site "Aix-les-Bains"]
[Date "????.??.??"]
[Round "3.7"]
[White "Vyvyan, Philippe"]
[Black "Bienaime, Pierre"]
[Result "0-1"]
[WhiteElo "1744"]
[BlackElo "1678"]
[PlyCount "96"]

1. e4 d5 2. exd5 Qxd5 3. Nc3 Qa5 4. Nf3 Nf6 5. d4 Bf5 6. Bd2 c6 7. Bc4 e6 8. a3
Nbd7 9. O-O Qc7 10. Bg5 Bd6 11. Bh4 Ng4 12. Bg3 Bxg3 13. hxg3 O-O-O 14. Qe2 h5
15. Nh4 Bh7 16. f3 Ngf6 17. f4 Qb6 18. Nf3 Qxb2 19. Ne5 Nxe5 20. fxe5 Qxc3 21.
exf6 gxf6 22. Bd3 Qxd4+ 23. Qf2 Qxf2+ 24. Rxf2 Bxd3 25. cxd3 f5 26. Rf3 Rd4 27.
Kf2 h4 28. Ke3 Rhd8 29. Ke2 hxg3 30. Rxg3 Rg4 31. Rxg4 fxg4 32. Ke3 f5 33. d4
Kd7 34. Rh1 Kd6 35. Rh7 Rd7 36. Rh8 Kd5 37. Re8 b6 38. g3 c5 39. dxc5 bxc5 40.
Kf4 c4 41. Rc8 Rd6 42. Rb8 c3 43. Ke3 c2 44. Kd2 Rc6 45. Kc1 Rc3 46. a4 Rxg3
47. Kxc2 Ra3 48. Rb4 g3 0-1